|
|
|
|
| LEADER |
00000cam a2200000 a 4500 |
| 001 |
vtls010613827 |
| 003 |
SK-MaSNL |
| 005 |
20260301034918.0 |
| 008 |
201211s1761 xo 000 0 slo |
| 015 |
|
|
|a SNBHFA
|
| 035 |
|
|
|a 01255251-1CC8-4F7D-B7E5-EA724842EF5C
|
| 035 |
|
|
|a urn:nbn:sk:snk-am00e2mc
|
| 035 |
|
|
|a urn:nbn:sk:snk-am3ic66
|
| 040 |
|
|
|a SNK
|b slo
|c SNK
|e AACR2
|
| 041 |
0 |
|
|a slo
|
| 044 |
|
|
|a xo
|c SK
|
| 072 |
|
7 |
|a 2
|x Náboženstvo
|2 konspekt
|
| 072 |
|
7 |
|a 783
|x Cirkevná hudba. Duchovná hudba. Náboženská hudba
|2 konspekt
|
| 080 |
|
|
|a 783.6
|2 2001
|
| 080 |
|
|
|a (0:82-97)
|2 2001
|
| 130 |
0 |
|
|a Snopček
|9 336605
|
| 245 |
1 |
0 |
|a Snopček Pjsnjch rozličných
|b Které Spolu Vdům Bratrstwa Včenj Krestianského k prospíwánj, Take Y k rozmnoženj Sláwy Božj prospěssné gsu, a wesele se spjwati mužu. Offerugu se Géž založeným Bratstwám Včenj Krestianského w Slawných a Králowských Banských Městách
|
| 246 |
1 |
|
|i Súčasť zbierky:
|a Rešetkova knižnica
|
| 260 |
|
|
|a W Trnawe
|b wytisstěný w Impresjy Akademické
|c Roku 1761
|
| 300 |
|
|
|a 48 s.
|c 15 cm
|
| 500 |
|
|
|a Ozdobobná linka. Typografické ozdoby. Zložky. Kustody
|
| 504 |
|
|
|a Predslov
|
| 546 |
|
|
|a Predspisovná slovenčina
|b Fraktúra
|
| 561 |
|
|
|a Exlibris: Z Biblioteki Uhro=Slowenskég Michala Ressetka.
|5 SNK SE 973
|
| 561 |
|
|
|a Pečiatka a exlibris Knihovna národního musea.
|5 SNK SE 973
|
| 610 |
2 |
7 |
|a Rímskokatolícka cirkev
|2 SNKKA
|9 32394
|
| 650 |
0 |
7 |
|a duchovné piesne
|2 SNKPH
|9 1928
|
| 655 |
|
7 |
|a modlitby
|2 SNKPH
|9 70550
|
| 700 |
1 |
|
|a Rešetka, Michal,
|d 1794-1854
|4 fmo
|9 37150
|
| 710 |
2 |
|
|a Akademická tlačiareň (Trnava, Slovensko)
|4 prt
|9 232890
|
| 752 |
|
|
|a Slovensko
|d Trnava
|
| 852 |
|
|
|a snk
|b Historické fondy
|p SE 973
|
| 958 |
|
|
|a ONDV
|
| 958 |
|
|
|a DD
|
| 999 |
|
|
|c 582839
|d 584769
|
| 952 |
|
|
|t Reš 53
|a SNK
|b SNK
|y PREZ
|7 0
|p 17A1114627
|o snkSE 973
|i snk4149/59
|0 0
|1 0
|4 0
|d 2014-08-12
|f 1
|l 0
|r 2026-02-23 14:57:53
|w 2026-02-23
|